Cities by Metro/Subway Map - Statistics

General Stats
  • This quiz has been taken 91 times
  • The average score is 6 of 9
Answer Stats
Picture Answer % Correct
New York City
99%
London
83%
Shanghai
82%
Moscow
66%
Paris
64%
Beijing
60%
Madrid
43%
Seoul
40%
New Delhi
22%
No matching quizzes found
Score Distribution
Percent of People with Each Score
Percentile by Number Answered
Your Score History
You have not taken this quiz